000 00422nam a22001817a 4500
003 MPLRDC
005 20220104192442.0
008 210129b ||||| |||| 00| 0 eng d
020 _a978-986-86581-0-3
082 _a477 LZM
100 _a李志铭
245 _a装帧时代
_c
250 _a初版
260 _a台湾
_b行人文化实验室
_c2010
300 _b
650 _a印刷术
942 _cBK
_o477 LZM
999 _c64723
_d64713